000 00298 a2200121 4500
000 nam a22 7a 4500
005 20260211145316.0
020 _a9788197802201
100 _aDr. Jagdish Prasad Singh
_91115233
245 _aShankh-Nad
260 _bRadhakrishna Prakashan
_c2024
942 _cTEXL
999 _c1679326
_d1679326